00896nam a2200205 a 450000100100000000500170001000800410002702000150006804000250008310000270010824000810013524501850021626000340040130000360043570000340047170000290050570000340053495201050056899900170067300004388220201002045026.0140508s1998 sp ac 000 0 spa d a8476517041 aDO-SdBNPbspacBNPHU1 aErdoes, Richard971769 0aThe gift of power for life and teachings of a Lakota medicine manlespañol13aEl don del poder :bvida y enseñanzas de un hombre medicina lakota /cRichard Erdoes, Archie Fire Lame Deer ; introducción de Alvin M. Josephy;traducción de Ángela Pérez. aBarcelona :bHesperus,c1998. a336 p. :bil., retrs. ;c22 cm.12aLame Deer, Archie Fire97177012aJosephy, Alvin M.97177112aPérez, Ángelaetr.911936 001050718MOaGRbGRcCTd2014-05-08iLF1l0o p43882-10r2020-06-25w2020-06-25y1ZNo se presta c43371d43371